| 000 | 01282nam a2200301 c 4500 | ||
|---|---|---|---|
| 999 |
_c5466 _d5466 |
||
| 003 | BLK | ||
| 005 | 20230406030256.0 | ||
| 008 | 180412b bul|||||r ||||||| ||bul|| | ||
| 010 | _aKNG00006656000 | ||
| 020 | _a954-07-0607-6 | ||
| 040 | _aBLK | ||
| 041 |
_aBUL _cBUL |
||
| 080 |
_aБългарска литература _b821.163.2 _x-31 _z821.163.2-31 |
||
| 139 |
_aХристов, Кирил _bХ 78 |
||
| 245 | 1 | 0 |
_aБездна _bИзповед на един умопобъркан _cКирил Генчев Христов; послесл. от Алберт Нисим Бенбасат. |
| 257 | _aBGR | ||
| 260 |
_bУнив. изд. Св. Климент Охридски _c1995 |
||
| 300 |
_a288 с. _c20 см |
||
| 380 | _aX | ||
| 500 | _aПълното име на авт. е Кирил Христов Генчев. - 2 100 тир. | ||
| 700 | 1 |
_aБенбасат, Алберт Нисим _eпослесл. от _9363820 |
|
| 852 | _aЦб 182292 | ||
| 856 | 4 |
_qpdf _u _i0.00 _ldisable |
|
| 856 | 4 |
_qpdf _u _i0.00 _ldisable |
|
| 942 |
_cKNG _n0 _01 _s1 |
||
| 944 |
_aCR _c15.01.2003 _kГеновева_Генчева |
||
| 944 |
_aED _c04.12.2014 _kСимона_Петрова |
||
| 999 | _d5466 | ||